[Event "Challenge"]
[Site "http://www.queenalice.com/game.php?id=93539"]
[Date "2006.8.7"]
[Round "-"]
[White "claudiocaire"]
[Black "KamikazeVictor"]
[Result "0-1"]
[WhiteElo "1382"]
[BlackElo "1500"]

1. e4 c5 2. Qf3 Nc6 3. Bc4 Nf6 4. g4 Ne5 5. Qc3 Nxc4 6. Qxc4 Nxg4 7. Nf3 d6 8.
Ng5 Ne5 9. Qb3 e6 10. f4 c4 11. Qh3 Nc6 12. d3 Nd4 13. Kd1 cxd3 14. Qh5 dxc2+
15. Kd2 g6 16. Qg4 cxb1=B 17. Rxb1 Qa5+ 18. Kd1 Qxa2 19. Qg1 Qb3+ 20. Ke1 Nc2+
21. Kf2 Qb6+ 22. Be3 Qxe3+ 23. Kg2 Qxg1+ 24. Kxg1 b5 25. Rc1 Nd4 26. Rc7 Bd7 27.
Kg2 a5 28. Rd1 f6 29. Nh3 Nc6 30. Rb7 Rb8 31. Rc7 Kd8 32. Rxc6 Bxc6 33. Nf2 d5
34. Ng4 Bg7 35. Rc1 Rc8 36. Rd1 Ke7 37. exd5 Bxd5+ 38. Kh3 Rcd8 39. Re1 Bf3 40.
Nf2 Rd2 41. Ne4 Bxe4 42. Rxe4 Rhd8 43. b3 R2d3+ 44. Kg2 Rxb3 45. f5 e5 46. h4
Rd2+ 47. Kf1 Rb1+ 48. Re1 Rxe1+ 49. Kxe1 Bh6 50. fxg6 hxg6 51. Kf1 a4 52. Ke1 a3
53. h5 gxh5 54. Kf1 a2 55. Kg1 a1=Q# 0-1

[Event "AUTO-OPEN-351"]
[Site "http://www.queenalice.com/game.php?id=93776"]
[Date "2006.8.8"]
[Round "1"]
[White "ambaradann"]
[Black "KamikazeVictor"]
[Result "1-0"]
[WhiteElo "1764"]
[BlackElo "1641"]

1. e4 c5 2. Nc3 Nc6 3. Bb5 g6 4. d3 Bg7 5. Bxc6 bxc6 6. Bd2 d6 7. Nf3 Nf6 8. O-O
O-O 9. Ne2 e5 10. h3 Be6 11. c3 Qd7 12. Ng5 Rab8 13. Nxe6 Qxe6 14. b3 d5 15. f3
d4 16. c4 h5 17. f4 exf4 18. Bxf4 Rb7 19. Bg5 Nh7 20. Bd2 Be5 21. Bf4 f5 22.
Bxe5 Qxe5 23. Nf4 Kg7 24. Qf3 Ng5 25. Qg3 Kh6 26. h4 Ne6 27. Qxg6# 1-0

[Event "AUTO-OPEN-351"]
[Site "http://www.queenalice.com/game.php?id=93777"]
[Date "2006.8.8"]
[Round "1"]
[White "KamikazeVictor"]
[Black "ambaradann"]
[Result "0-1"]
[WhiteElo "1420"]
[BlackElo "1839"]

1. e4 e5 2. Nf3 Nf6 3. Nc3 Nc6 4. Bc4 d6 5. h3 Be6 6. Bxe6 fxe6 7. d3 d5 8. O-O
Bd6 9. Bg5 O-O 10. Qd2 a6 11. a3 Be7 12. Rad1 d4 13. Ne2 Nh5 14. Bxe7 Qxe7 15.
Qg5 Qxg5 16. Nxg5 Rf6 17. Ng3 Nf4 18. Nf3 Raf8 19. c3 Nxh3+ 20. gxh3 Rxf3 21.
Kg2 Ne7 22. Ne2 c5 23. c4 Ng6 24. b4 b6 25. bxc5 bxc5 26. Rd2 R3f7 27. Rb2 Ra7
28. Rb6 Re8 29. Rfb1 Nf4+ 30. Nxf4 exf4 31. Rb8 Rxb8 32. Rxb8+ Kf7 33. e5 Kg6
34. Kf3 Kf5 35. Rc8 Rb7 36. Rxc5 Rb3 37. Ke2 Rxa3 38. Rc7 a5 39. Rxg7 Ra2+ 40.
Kf3 a4 41. Rxh7 a3 42. Ra7 Ra1 43. h4 Kxe5 44. Ra5+ Kf6 45. Kxf4 a2 46. Ke4 Re1+
47. Kxd4 a1=Q+ 48. Rxa1 Rxa1 49. c5 Ke7 50. Ke5 Rh1 0-1

[Event "AUTO-OPEN-351"]
[Site "http://www.queenalice.com/game.php?id=93803"]
[Date "2006.8.8"]
[Round "1"]
[White "jolufongonz"]
[Black "KamikazeVictor"]
[Result "1-0"]
[WhiteElo "1938"]
[BlackElo "1385"]

1. c4 e5 2. Nc3 Nf6 3. Nf3 Bb4 4. Nxe5 O-O 5. Nd3 Nc6 6. Nxb4 Nxb4 7. d4 d6 8.
a3 Nc6 9. e4 Re8 10. f3 h6 11. Be3 Bd7 12. Bd3 Ne7 13. O-O Nh7 14. Qc2 Ng6 15.
Rae1 Qh4 16. Qf2 Qh5 17. Nd5 Rac8 18. Qg3 c6 19. Qxd6 1-0

[Event "AUTO-OPEN-351"]
[Site "http://www.queenalice.com/game.php?id=93804"]
[Date "2006.8.8"]
[Round "1"]
[White "KamikazeVictor"]
[Black "VICSAR"]
[Result "0-1"]
[WhiteElo "1400"]
[BlackElo "1666"]

1. e4 g6 2. d4 Bg7 3. Nf3 c6 4. Bd3 d6 5. O-O Bg4 6. c3 Nd7 7. Bg5 Qc8 8. Nbd2
h6 9. Bf4 e5 10. dxe5 Bxf3 11. Nxf3 dxe5 12. Be3 Ne7 13. Bc4 O-O 14. Qd2 g5 15.
h4 b5 16. Bb3 g4 17. Nh2 h5 18. Bd1 Nf6 19. g3 Nxe4 20. Qd3 Qf5 21. Kg2 Rad8 22.
Qc2 Nd5 23. Bxa7 Nd6 0-1

[Event "AUTO-OPEN-351"]
[Site "http://www.queenalice.com/game.php?id=93805"]
[Date "2006.8.8"]
[Round "1"]
[White "VICSAR"]
[Black "KamikazeVictor"]
[Result "1-0"]
[WhiteElo "1660"]
[BlackElo "1420"]

1. e4 c5 2. Nf3 Nc6 3. Bc4 d6 4. Nc3 g6 5. a3 Bg7 6. Nd5 e6 7. Ne3 Nf6 8. d3 O-O
9. O-O d5 10. exd5 exd5 11. Ba2 b5 12. c4 dxc4 13. dxc4 Qxd1 14. Rxd1 Ba6 15.
Rd6 Rac8 16. cxb5 Bxb5 17. Ng5 Ne5 18. Nd5 Nxd5 19. Rxd5 Bc4 20. Bxc4 Nxc4 21.
b3 Bxa1 22. bxc4 1-0

[Event "Challenge"]
[Site "http://www.queenalice.com/game.php?id=94230"]
[Date "2006.8.9"]
[Round "-"]
[White "Bruno_de_Paula"]
[Black "KamikazeVictor"]
[Result "1-0"]
[WhiteElo "1804"]
[BlackElo "1385"]

1. d4 d5 2. c4 e5 3. dxe5 d4 4. Nf3 Bb4+ 5. Bd2 Bxd2+ 6. Qxd2 Nc6 7. Na3 Bg4 8.
Qf4 Bxf3 9. Qxf3 Nxe5 10. Qe4 f6 11. f4 c6 12. fxe5 fxe5 13. Qxe5+ Qe7 14. Qxe7+
Nxe7 15. O-O-O O-O-O 16. Nc2 Nf5 17. g3 Rhf8 18. Bh3 c5 19. e4 g6 20. exf5 gxf5
21. Rhf1 Kc7 22. Rxf5 b6 23. Rxf8 Rxf8 24. Rf1 Rd8 25. Be6 Kd6 26. Bd5 Rd7 27.
Rf7 Rxf7 28. Bxf7 Ke5 29. Kd2 h6 30. Ne1 Kf6 31. Bd5 Kg5 32. h3 h5 33. Nf3+ Kf5
34. Kd3 Kf6 35. Ke4 Kg7 36. Kf5 Kh6 37. Kf6 Kh7 38. Nh4 1-0

[Event "Challenge"]
[Site "http://www.queenalice.com/game.php?id=100693"]
[Date "2006.8.29"]
[Round "-"]
[White "wandi"]
[Black "KamikazeVictor"]
[Result "1-0"]
[WhiteElo "1471"]
[BlackElo "1385"]

1. e4 e5 2. Nf3 Nc6 3. Bb5 Nf6 4. Nc3 a6 5. Ba4 b5 6. Bb3 Bc5 7. O-O O-O 8. d3
h6 9. Be3 Qe7 10. Nd5 Nxd5 11. exd5 Nd4 12. c3 Nxb3 13. Qxb3 d6 14. Rfe1 Bxe3
15. Rxe3 Bb7 16. d4 e4 17. c4 1-0

[Event "Challenge"]
[Site "http://www.queenalice.com/game.php?id=101060"]
[Date "2006.8.31"]
[Round "-"]
[White "bradd"]
[Black "KamikazeVictor"]
[Result "1-0"]
[WhiteElo "1569"]
[BlackElo "1470"]

1. e4 c5 2. Bc4 d6 3. Qf3 Nf6 4. h3 g6 5. g4 Nc6 6. g5 Nd4 7. Qc3 Nxe4 8. Qd3
Nxg5 9. h4 Bf5 10. Bb5+ Nc6 11. Qd5 Qc7 12. d3 Ne6 13. Nf3 Bg7 14. h5 O-O 15. h6
Bf6 16. c3 1-0

[Event "Challenge"]
[Site "http://www.queenalice.com/game.php?id=101068"]
[Date "2006.8.31"]
[Round "-"]
[White "bradd"]
[Black "KamikazeVictor"]
[Result "1-0"]
[WhiteElo "1553"]
[BlackElo "1549"]

1. e4 c5 2. Bc4 d6 3. Qf3 Nf6 4. d3 g6 5. h3 Bg7 6. g4 h5 7. g5 Nbd7 8. gxf6
Nxf6 9. Bg5 O-O 10. Nc3 Qa5 11. Ne2 Bd7 12. Bxf6 b5 13. Bxe7 Rfe8 14. Bf6 bxc4
15. O-O Re6 16. Bxg7 1-0

[Event "AUTO-INT-840"]
[Site "http://www.queenalice.com/game.php?id=374257"]
[Date "2008.3.20"]
[Round "1"]
[White "malcon_2006"]
[Black "KamikazeVictor"]
[Result "1-0"]
[WhiteElo "1560"]
[BlackElo "1343"]

1. e4 c5 2. Qf3 d6 3. Bb5+ Bd7 4. Bc4 Nf6 5. d3 Nc6 6. Bg5 Nd4 7. Qf4 Nxc2+ 8.
Kd1 Nxa1 9. Nf3 e5 10. Qe3 Be7 11. Nc3 1-0

[Event "AUTO-INT-840"]
[Site "http://www.queenalice.com/game.php?id=374258"]
[Date "2008.3.20"]
[Round "1"]
[White "KamikazeVictor"]
[Black "malcon_2006"]
[Result "0-1"]
[WhiteElo "1359"]
[BlackElo "1552"]

1. e4 e5 2. Nf3 d6 3. Bc4 Qe7 4. d3 Nf6 5. Bg5 c6 6. c3 h6 7. Bxf6 Qxf6 8. O-O
b5 9. Bb3 Be7 10. Nbd2 Qg6 0-1

[Event "AUTO-INT-840"]
[Site "http://www.queenalice.com/game.php?id=374267"]
[Date "2008.3.20"]
[Round "1"]
[White "pjanderson"]
[Black "KamikazeVictor"]
[Result "1-0"]
[WhiteElo "1651"]
[BlackElo "1330"]

1. d4 d5 2. b4 Nf6 3. c3 Bf5 4. Bf4 e6 5. Nd2 Bd6 6. Bg5 Nbd7 7. g3 O-O 8. Bg2
c6 9. Ngf3 Qc7 10. O-O h6 11. Bxf6 Nxf6 12. a3 Rfe8 13. Nh4 Bh7 14. f4 Re7 15.
f5 exf5 16. Nxf5 Bxf5 17. Rxf5 Rae8 18. Bf3 b5 19. a4 1-0

[Event "AUTO-INT-840"]
[Site "http://www.queenalice.com/game.php?id=374268"]
[Date "2008.3.20"]
[Round "1"]
[White "KamikazeVictor"]
[Black "pjanderson"]
[Result "0-1"]
[WhiteElo "1324"]
[BlackElo "1654"]

1. e4 b6 2. d4 Bb7 3. d5 Nf6 4. Nc3 h6 5. Bd3 c6 6. dxc6 Nxc6 7. Nge2 d5 8. exd5
Nxd5 9. Nxd5 Qxd5 10. O-O Nd4 11. f3 e6 12. Be3 Nxe2+ 13. Qxe2 a6 14. Rfd1 Qe5
15. Rd2 Bd6 16. g3 Qxb2 17. Rad1 Bb4 18. c3 Qxc3 0-1

[Event "Challenge"]
[Site "http://www.queenalice.com/game.php?id=374499"]
[Date "2008.3.21"]
[Round "-"]
[White "Bruno_de_Paula"]
[Black "KamikazeVictor"]
[Result "1-0"]
[WhiteElo "1754"]
[BlackElo "1320"]

1. e4 c5 2. Nf3 Nc6 3. d4 cxd4 4. Nxd4 d6 5. Nc3 g6 6. Be3 Bg7 7. Qd2 e6 8. Bc4
Nge7 9. Nxc6 Nxc6 10. O-O-O b6 11. Qxd6 Bb7 12. Qxd8+ Rxd8 13. Rxd8+ Kxd8 14.
Rd1+ Kc8 15. Nb5 f5 16. Bxe6+ Kb8 17. Bf4+ Be5 18. Bxe5+ Nxe5 19. f4 Ng4 20. Rd4
Bxe4 21. Rxe4 fxe4 22. Bxg4 Re8 23. Be2 Kb7 24. Nc3 Kc6 25. Bb5+ Kc5 26. Bxe8 e3
27. Kd1 a6 28. Ke2 1-0

[Event "Challenge"]
[Site "http://www.queenalice.com/game.php?id=374500"]
[Date "2008.3.21"]
[Round "-"]
[White "KamikazeVictor"]
[Black "Bruno_de_Paula"]
[Result "0-1"]
[WhiteElo "1320"]
[BlackElo "1752"]

1. e4 e5 2. Nf3 Nc6 3. Bb5 Nf6 4. Nc3 d6 5. Bxc6+ bxc6 6. d4 Bg4 7. dxe5 Bxf3 8.
Qxf3 dxe5 9. Bg5 Bb4 10. O-O O-O 11. Ne2 h6 12. Bxf6 Qxf6 13. Qxf6 gxf6 14. c3
Bc5 15. b4 Bb6 16. a4 a5 17. Ng3 axb4 18. cxb4 Bd4 19. Ra2 Rfb8 20. Nf5 Bc3 21.
Ne7+ Kh7 22. Nxc6 Rb6 23. b5 Rxb5 24. Rc1 Rb2 25. Rxb2 Bxb2 26. Rc2 Ba3 27. a5
Ra6 28. f3 Kg7 0-1